000 00863nam0a2200265 4500
001 RU\NLR\bibl\1153864
005 20260405105543.0
010 _a978-5-05-006593-3
_91000
021 _aRU
_b2007-66815
_93584
035 _a(NLR Aleph) 001140649
090 _a1415530
_c1415530
100 _a20071114d2007 |||y0rusy50 ca
101 0 _arus
102 _aRU
105 _ay |||||||||
200 1 _aНаброски к теории чудес
_eроман
_fАлександр Кацура
210 _aМосква
_cРадуга
_d2007
215 _a573, [2] с.
_d24
700 1 _4070
_8rus
_7ca
_aКацура
_bА.В.
_cканд. филос. наук
_gАлександр Васильевич
_3RU\NLR\auth\7740857
_923808
801 0 _aRU
_bNLR
_c20071114
_gRCR
801 1 _aRU
_bNLR
_c20071114
942 _cBOOK
980 _aNB